| 000 | 00894nam a22002297a 4500 | ||
|---|---|---|---|
| 001 | 41563 | ||
| 003 | BD-RjUL | ||
| 005 | 20211209053418.0 | ||
| 008 | 160602s2010 bg a|||| |||| 00| 0 ben d | ||
| 020 |
_a9789848920008 _c: TK 300.00 |
||
| 035 | _a(BD-RjUL) 41681 | ||
| 040 |
_aBD-RjUL _bben _cBD-RjUL |
||
| 041 | _aben | ||
| 082 |
_223 _a930.109954923 _bBEP 2010 |
||
| 100 |
_aবেগম, আয়শা _9127711 |
||
| 245 | 1 | 0 |
_aপ্রত্ননিদর্শন : কুমিল্লা / _cআয়শা বেগম |
| 260 |
_aঢাকা : _bবাংলাদেশ বিশ্ববিদ্যালয়, _c২০১০ |
||
| 300 |
_axxii, ২৪০ পৃ. : _bচিত্র ; _c২৩ সেমি. |
||
| 650 |
_aArcheology _zBangladesh _9123029 |
||
| 650 |
_aপ্রত্নতত্ত্ব _zবাংলাদেশ _9123030 |
||
| 942 |
_2ddc _cBK |
||
| 999 |
_c41563 _d41563 |
||